[Event "Leon Man+Comp"]
[Site "Leon"]
[Date "2001.06.09"]
[Round "1.5"]
[White "Anand, Viswanathan"]
[Black "Leko, Peter"]
[Result "1/2-1/2"]
[WhiteElo "2794"]
[BlackElo "2730"]
[Annotator "Huzman,A"]
[PlyCount "112"]
[EventDate "2001.06.08"]
[EventType "k.o. (rapid)"]
[EventRounds "2"]
[EventCountry "ESP"]
[SourceTitle "CBM 084"]
[Source "ChessBase"]
[SourceDate "2001.09.13"]
[SourceVersion "1"]
[SourceVersionDate "2001.09.13"]
[SourceQuality "1"]

1. e4 e5 2. Nf3 Nf6 3. Nxe5 d6 4. Nf3 Nxe4 5. d4 d5 6. Bd3 Nc6 7. O-O Be7 8.
Nc3 Nxc3 (8... Bf5 9. Re1 (9. Qe1 O-O 10. Nxe4 dxe4 11. Bxe4 Bb4 12. c3 Re8 13.
Bxf5 Rxe1 14. Rxe1 Bd6 15. Ng5 $6 (15. Bg5 $44 {Jussupow}) 15... h6 16. Ne4 Bf8
17. Bg4 Ne7 18. Nc5 b6 19. Nd3 c5 $17 {Balashov - Yusupov, Minsk 1982. /
[Jussupow] (19)}) 9... Nxc3 10. bxc3 Bxd3 11. Qxd3 O-O 12. Rb1 Na5 13. Rb5 b6
14. Ne5 f6 15. Nf3 Bd6 16. Qf5 c6 17. Rb1 Re8 18. Bf4 {1/2-1/2 Kavalek,
L-Bisguier,A/New York 1972/MCD (18)}) 9. bxc3 O-O (9... Bg4 10. Rb1 Na5 (10...
Rb8 11. Re1 (11. Qe2 O-O 12. Qe3 Re8 13. Ne5 Nxe5 14. dxe5 Qd7 15. Qf4 Be6 16.
Be3 b6 17. Rfd1 Red8 18. Qg3 Kh8 19. Bg5 Bxg5 20. Qxg5 h6 21. Qg3 {1/2-1/2 Sax,
G-Horvath,C/HUN-ch Super 1995/CBM 51 ext (21)}) 11... O-O 12. Bf4 h6 $11 {
Browne-Murray/Vancouver 1981 (12)}) 11. h3 Bh5 12. Re1 O-O 13. Re5 Bg6 14. Rb5
Nc6 15. Rexd5 Bd6 16. Rg5 b6 17. Nh4 Qd7 18. Bf5 Qe8 19. Bxg6 {1/2-1/2 Adorjan,
A-Miles,A/Hastings 1973/EXT 98 (19)}) 10. Re1 (10. h3 Be6 11. Rb1 (11. Re1 Qd7
(11... h6 12. Ne5 Nxe5 13. Rxe5 Bd6 14. Rh5 $5 Qf6 $4 15. Bg5 $18 {Genova -
Galobert, corr 1956}) 12. Bf4 Rfe8 13. Rb1 Rab8 14. Re3 Bf6 15. Ng5 $14 {
Aronin - Zhilin, USSR 1959}) 11... Rb8 12. Re1 h6 13. Nh2 Re8 14. Rxe6 fxe6 15.
Qg4 Bg5 16. f4 Bf6 17. Qg6 Kf8 18. Ng4 Qe7 19. Ne5 Nxe5 20. fxe5 Bg5 21. Bb2
Bf4 22. Rf1 Qg5 23. Ba3+ Re7 24. Qxe6 Rbe8 25. Bh7 {1-0 Varavin,V-Smirnov,I/
Alushta UKR 2001/The Week in Chess 334 (25)}) 10... Bg4 11. Bf4 Qd7 12. Rb1
Rab8 13. Re3 Rfe8 (13... g5 14. Bg3 f5 15. Be5 f4 16. Re1 Bf6 17. Bxf6 Rxf6 18.
h3 Bh5 19. Ne5 $1 $16 {Browne - Murray, Vankuver 1971}) 14. Qe2 Bf8 (14... g5
15. Bg3 f5 16. h3 Bh5 (16... f4 17. hxg4 fxe3 18. Bf5 exf2+ 19. Kxf2 Qd8 20.
Qe6+ Kg7 21. Rh1 $18) 17. Re6 $1 (17. Bb5 Bxf3 18. Rxf3 f4 19. Bh2) (17. Ne5
Nxe5 18. Qxh5 Nxd3 19. Rxd3 f4 20. Bh2 Bf6) 17... Bxf3 18. gxf3 f4 (18... Rf8
19. f4 $16) 19. Bxh7+ (19. Bf5 Bf8 20. Bh2 Qf7) 19... Kf8 20. Bh2 Nd8 21. Rh6
Bd6 22. Qd3 $16) 15. Re1 Rxe3 16. Qxe3 Bf5 $6 {It looks like a tactical
mistake.Probably Black thought that the opposite coloured bishops would render
him good drawing chances.} (16... Rc8 $142 17. Bb5 (17. h3 Bf5 $11) 17... Bd6
$11) 17. Bxc7 (17. Bxf5 Qxf5 18. Bxc7 Rc8 $15) 17... Qxc7 18. Bxf5 g6 19. Bd3
Na5 20. Qe5 Qd8 $5 (20... Qxe5 21. Nxe5 (21. Rxe5 Rd8 22. Kf1 f6 23. Re1 Rc8
$132) 21... Rc8 22. Ng4 Rxc3 (22... Kg7 23. Ne3 Rxc3 24. Nxd5 Ra3 $132) 23.
Nf6+ Kg7 24. Nxd5 Ra3 $132) 21. Qf4 Bd6 22. Qd2 Rc8 23. h4 $1 {White is
commencing an attack on the king's side.} Qc7 (23... Nc4 24. Qc1 Nb6 25. h5
Rxc3 26. hxg6 hxg6 27. Qh6 (27. Bxg6 fxg6 (27... Rxf3 28. Qh6 fxg6 29. Qxg6+
Kf8 30. gxf3) 28. Qh6 Qf6 29. Ng5 (29. Re8+ Bf8) 29... Rc7 30. Re8+ Bf8 31.
Qxf8+ Qxf8 32. Rxf8+ Kxf8 33. Ne6+ Ke7 34. Nxc7 a6) 27... Bf8 28. Qf4 Qd6 29.
Qh4 Nd7 30. Ng5 Nf6 31. Bxg6 $1 fxg6 32. Re6 $16) 24. Qg5 Qd8 25. Qh6 Bf8 26.
Qd2 Qc7 27. Re5 Rd8 28. Qe1 $1 Nc6 29. Re8 Rxe8 (29... Qd7 30. Rxd8 Qxd8 31. c4
dxc4 32. Bxc4 Nxd4 33. Ng5 $40) 30. Qxe8 Qe7 31. Qc8 Kg7 32. g3 (32. c4 dxc4
33. Bxc4 Qb4 $11) 32... Nd8 33. Kg2 (33. c4 $5 dxc4 34. Qxc4 Ne6 35. Kg2 $16)
33... Ne6 34. Ne5 (34. c4 Qc7 35. Qxc7 Nxc7 36. cxd5 Nxd5 37. Be4 Nc3 38. Bxb7
a5 39. Ne5 a4 $132) 34... Qc7 35. Qe8 Qe7 36. Qb5 f6 37. Ng4 f5 38. Ne3 f4 39.
Nxd5 $18 Qf7 40. Be4 fxg3 41. fxg3 Bd6 42. Qd3 b6 43. a4 (43. Qf3 $5 $18) 43...
Qd7 44. Qb5 Qf7 45. Bf3 g5 46. Qc6 Bb8 47. Bg4 Nd8 48. Qd7 Qxd7 49. Bxd7 gxh4
50. gxh4 Bd6 51. Bb5 Nf7 52. Kf3 Nh6 53. Bd7 Kf7 54. Bc8 Ke8 55. Be6 Kf8 56.
Bc8 Ke8 {White has a winning position but due to the match situation he
doesn't mind to draw the game.} 1/2-1/2

[Event "Leon Man+Comp"]
[Site "Leon"]
[Date "2001.06.09"]
[Round "1.6"]
[White "Leko, Peter"]
[Black "Anand, Viswanathan"]
[Result "0-1"]
[WhiteElo "2730"]
[BlackElo "2794"]
[Annotator "Lukacs,P"]
[PlyCount "89"]
[EventDate "2001.06.08"]
[EventType "k.o. (rapid)"]
[EventRounds "2"]
[EventCountry "ESP"]
[SourceTitle "CBM 084"]
[Source "ChessBase"]
[SourceDate "2001.09.13"]
[SourceVersion "1"]
[SourceVersionDate "2001.09.13"]
[SourceQuality "1"]

1. e4 c6 2. d4 d5 3. Nc3 dxe4 4. Nxe4 Bf5 5. Ng3 Bg6 6. h4 h6 7. Nf3 Nd7 8. h5
Bh7 9. Bd3 Bxd3 10. Qxd3 Ngf6 11. Bf4 Qa5+ 12. Bd2 Qc7 13. O-O-O e6 14. Ne4
O-O-O 15. Nxf6 $6 {This is an inaccuracy.} (15. g3 $142 {is the popular main
line with slightly better chances for White.} Nxe4 (15... Nc5 {- Kir.
Georgiev-Nisipeanu, FIDE-Wch k.o. New Delhi 2000 CBM 81}) 16. Qxe4 {-
Koczynski-Piket, EU-ch 2nd Ohrid 2001 CBM 84}) 15... Nxf6 16. Qe2 $2 {
continuing the wrong plan.} (16. Ne5 c5 $15) 16... Rd5 $1 $17 {Suddenly it
becomes clear that the h5 P may also become a target!} (16... c5 17. dxc5 Bxc5
18. Rh4 {This is the common route on the 4-th rank for the R in this system.} (
18. Ne5 Rd5 19. Nd3 Bd6 20. Kb1 Kb8 21. g4 Rc8 22. Rc1 Qc4 23. f3 Rb5 {Black's
pieces are extremely active now.} 24. Nf4 e5 25. Qd3 Rb6 26. Ne2 e4 $15 {
Bjerring-Kupka, Trnva 1989}) 18... Qb6 (18... Nd5 $2 {is inferior due to} 19.
b4 $1 $18 {Dervishi-Asrian, Szombathely 1993}) 19. Rc4 Kb8 20. Ne5 Rhf8 $11)
17. c4 Rxh5 {Black has won the important h P, and White has problems to show
any compensation for it.} 18. Rhg1 (18. Rxh5 Nxh5 19. Ne5 Nf6 20. c5 Nd5 $17 {
gives White >< d5 as well, Nokso Koivisto-Manninen, Helsinki 1990.}) 18... Bd6
19. Kb1 a6 (19... Kb8 $17 {was also good and simple.}) 20. Bc3 Rf5 21. c5 (21.
g4 {cannot catch the R :} Rf4) 21... Be7 22. Ne5 $1 Nd5 23. Rge1 (23. Nxf7 $5 {
is inventive, but by correct play Black can hold his advantage :} Nf4 24. Qe1
Rxf7 25. g3 Kd7 26. gxf4 Qxf4 27. Rd2 Qf5+ 28. Ka1 Bf6 $17) 23... Bf6 $2 {
This allows White to chase successfully the R.} (23... Kb8 24. g4 Rf4 $19 {
was still winning.}) 24. Nc4 ({missing} 24. g4 $1 Rf4 (24... Nxc3+ 25. bxc3)
25. Nd3 {and Black has to sacrifice the exchange.} Rxd4 26. Bxd4 Bxd4 27. Qe4
Bc3 28. Rh1 Bf6 $13) 24... Be7 25. Bd2 h5 $1 {Now the R and the extra P are
safe again.} 26. g3 Kb8 27. Ba5 Qc8 28. Rd3 h4 29. Rb3 h3 30. Ne5 (30. Rh1 $1 {
was the last chance causing some trouble for White, for example:} h2 (30... g5
31. g4 $1 Nf4 32. Qe3 Rd5 33. Nb6 $13) (30... Ka7 31. g4 $1 Rf4 32. Nb6 $13)
31. f4) 30... Ka8 31. Rh1 h2 32. Nf3 (32. f4 g5 $17) 32... Rfh5 $19 {and Black
is as good as winning.} 33. Qf1 Bf6 34. Qg2 Qg8 35. Ne1 g5 36. Nc2 Qg6 37. Kc1
g4 38. Bd2 Qf5 39. Be3 Bg7 40. a3 Qg6 41. Nb4 Nxb4 42. axb4 Qf5 43. Ra3 Qd5 44.
Qxd5 Rxd5 45. Rd3 0-1

[Event "Leon Man+Comp"]
[Site "Leon"]
[Date "2001.06.10"]
[Round "2.2"]
[White "Shirov, Alexei"]
[Black "Anand, Viswanathan"]
[Result "0-1"]
[WhiteElo "2722"]
[BlackElo "2794"]
[Annotator "Lukacs,P"]
[PlyCount "102"]
[EventDate "2001.06.08"]
[EventType "k.o. (rapid)"]
[EventRounds "2"]
[EventCountry "ESP"]
[SourceTitle "CBM 084"]
[Source "ChessBase"]
[SourceDate "2001.09.13"]
[SourceVersion "1"]
[SourceVersionDate "2001.09.13"]
[SourceQuality "1"]

1. e4 c6 2. d4 d5 3. e5 Bf5 4. Nc3 a6 {This looks a bit odd at first sight.} 5.
Nce2 (5. a4 $143 {is not a logical reaction.} e6 6. Bd3 Bxd3 7. Qxd3 c5 8. Nce2
cxd4 9. Nxd4 Qc7 10. Ngf3 Ne7 11. O-O Nbc6 12. Bf4 Nxd4 13. Nxd4 Nc6 14. Rac1
Nxd4 15. Qxd4 Bc5 16. Qd3 O-O $11 (16... Rc8 17. Qg3 O-O 18. c4 d4 19. Rcd1 Kh8
$11 {Blehm-Ujma, POL 1995})) (5. Be3 Qc7 (5... Qb6 6. Bd3 {White is not afraid
of sacrificing the b2 P for a quick development.} Qxb2 7. Na4 Qa3 8. c3 b5 9.
Bxf5 e6 10. Bc2 bxa4 11. Ne2 $14 {Nunn-Mestel, London 1994}) 6. Bd3 (6. h4 {
/\ g4} h5 (6... h6 {allows White to gain space on the >>.} 7. g4 Bd7 8. f4 (8.
h5 e6 9. f4 $14) 8... e6 (8... h5 $5) 9. Nf3 $14) 7. Nge2 (7. Bd3 Bxd3 8. Qxd3
e6) 7... e6 8. Ng3 Bg6 9. Be2 c5 $11) (6. Nge2 e6 {- Timman-Speelman World Cup
Reykjavik 1991 CBM 26}) (6. Be2 h6 7. f4 e6 8. Nf3 Bb4 9. O-O Ne7 10. Na4 {
The B on b4 cannot find his right place.} Bg4 11. Bf2 Ng6 12. a3 Be7 13. Qd2
Nd7 14. b3 {/\ c4 gaining space on both flanks.} O-O 15. h3 Bf5 16. c4 $14 {
Agopov-Maki Uuro, Helsinki 2000}) 6... Bxd3 7. Qxd3 e6 8. Rc1 $14 {Speelman}) (
5. Bd3 {is too simple, White has to exploit the delicate position of the f5 B,
not exchanging it immediately.} Bxd3 6. Qxd3 e6 7. Nf3 c5 8. dxc5 Bxc5 9. O-O
Nd7 10. Na4 Ba7 11. c4 Ne7 $11 {Gachon-D.Roos, FRA 1998}) (5. h4 {/\ g4} h5 {
Black wants to hold the balance on the >>.} 6. Bd3 Bxd3 7. Qxd3 e6 8. Bg5 {
The B is excellent here, but White's P advance on the >> is more difficult.} (
8. Nce2 c5 9. c3 Nc6 10. Nf3 Nge7 11. a3 Nf5 {Black's knights are excellent in
this "French without French B" position.} 12. Ng3 Nxg3 13. fxg3 cxd4 14. cxd4
Qa5+ 15. Bd2 Qb5 $15 {C.Bauer-D.Roos, France 1999}) 8... Qc7 9. Nf3 c5 10. O-O
Nc6 11. Ne2 cxd4 12. Nexd4 Nge7 13. Rfe1 Nxd4 14. Nxd4 Nc6 15. Nxc6 Qxc6 {
blockading the position on both flanks.} 16. Rad1 b5 $11 {Anand-Karpov, Monte
Carlo 2000}) (5. g4 Bd7 6. Bd3 (6. Be3 e6 7. Nge2 (7. Bd3 {- 6.Bd3}) 7... c5 8.
Qd2 Nc6 {Levi-Hill, AUS-ch Melbourne 1991} 9. O-O-O cxd4 10. Bxd4 Nxd4 11. Nxd4
Bb4 $13 {<-> c}) 6... e6 7. Be3 c5 8. dxc5 Nc6 9. Nf3 Qc7 10. Qe2 Nb4 11. a3
Nxd3+ 12. cxd3 Bxc5 13. Rc1 Bxe3 14. Qxe3 Qd8 15. h4 Ne7 16. Nd4 {/\ h5} h5 {
Black ruins White's P chain just in time!} 17. g5 Qb6 18. Rc2 {(Borge-E.
Pedersen, DEN 1991)} Nc6 $11) 5... e6 6. Ng3 Bg6 7. h4 h6 8. N1e2 {/\ Nf4} Ne7
(8... c5 $5 {immediately is also interesting:} 9. Nf4 Bh7 10. dxc5 Nd7 11. Bd3
Bxd3 12. Nxd3 Nxc5 13. Nxc5 Bxc5 14. Qg4 g6 15. h5 g5 16. f4 (16. O-O Qc7 $13)
16... Qc7 17. Ne2 Ne7 18. fxg5 Qxe5 19. gxh6 Nf5 20. Qa4+ b5 21. Qf4 Qxf4 22.
Nxf4 Ne3 $11 {Sax-Chytilek, Pardubice 1996}) 9. Nf4 c5 {Black is not afraid of
exchanging his light-squared B.} (9... Bh7) 10. Nxg6 Nxg6 11. Bd3 (11. h5 Ne7
12. c3 cxd4 13. cxd4 Nec6 $15 {/\ Qb6 >< d4.}) 11... cxd4 (11... Nxh4 $5 {
was perhaps possible:} 12. Qg4 c4 $1) 12. Bxg6 fxg6 13. Qg4 Qd7 14. Qxg6+ Qf7
15. Qxf7+ Kxf7 16. Bd2 (16. Bf4 Nc6) 16... Nc6 17. f4 h5 (17... Rc8 $5 {
is met by} 18. O-O-O $1 (18. h5 {is slower because of} Nb4 19. Bxb4 Bxb4+ 20.
Kd1 Rc4 $11) 18... d3 19. c3 $14) 18. O-O-O Bc5 19. f5 exf5 (19... Nxe5 20.
Rhe1 Bd6 21. fxe6+ Kxe6 22. Bf4 $14 {with a nasty pin on the e <->.}) 20. Nxf5
Nxe5 (20... Rhe8 21. Rhf1 Kg8 22. Bf4 Nxe5 23. Nxd4 $14 {blockading the
isolated P on d5.}) 21. Bg5 Nc6 {Finally Black has solved his problems
successfully defending his weak d pawns.} 22. c3 $5 (22. Rhf1 Kg6 $15) 22...
Kg6 23. cxd4 Rhf8 24. Ne3 (24. dxc5 Rxf5 $11) 24... Bxd4 ({or} 24... Nxd4 25.
Nxd5 Rac8 26. Kb1 $11) 25. Nxd5 Rae8 (25... Rf2 26. Rd2 Raf8 $11) 26. Rhf1 Be5
(26... Rxf1 27. Rxf1 Re4 $11) 27. Nf4+ $2 {This is already a serious
inaccuracy.} (27. Bf4 $142 Nb4 $1 28. g3 (28. Bxe5 Rxf1 29. Rxf1 Nxd5 $15)
28... Nxd5 29. Rxd5 Bxf4+ 30. gxf4 Re2 31. Rg1+ Kh6 32. Rd6+ Rf6 $11 {with an
equal R _|_.}) 27... Bxf4+ 28. Rxf4 (28. Bxf4 Re4 29. g3 Nd4 {with a
successful domination in the [+].}) 28... Rxf4 29. Bxf4 Re4 30. g3 Rc4+ 31. Kb1
Rd4 $15 {The N is better than the B in the _|_ because of the weak >> pawns.}
32. Rc1 Rd5 33. a3 Kf5 34. Ka2 g6 35. Rc4 Kg4 $1 36. Re4 Rd7 37. Rc4 Kh3 {
>< g3 is the target.} 38. Re4 Re7 39. Rc4 Re6 40. Rc5 Nd4 $1 {/\ Ne2, Re4 and
>< g3 falls. Black's K is superior to his colleague.} 41. a4 Ne2 42. Bb8 Re4
43. Ka3 Re3+ 44. Kb4 Nxg3 45. Rc7 Kxh4 46. Rxb7 g5 47. Ka5 Re6 $19 48. Rb6 Rxb6
49. Kxb6 Kg4 50. b4 h4 51. b5 axb5 0-1

[Event "Mainz CC sim1"]
[Site "Mainz"]
[Date "2001.06.23"]
[Round "?"]
[White "Anand, Viswanathan"]
[Black "Freise, Eckhard"]
[Result "0-1"]
[WhiteElo "2794"]
[BlackElo "2018"]
[PlyCount "94"]
[EventDate "2001.06.23"]
[EventType "simul"]
[EventRounds "1"]
[EventCountry "GER"]
[SourceTitle "EXT 2002"]
[Source "ChessBase"]
[SourceDate "2001.11.25"]
[SourceVersion "1"]
[SourceVersionDate "2001.11.25"]
[SourceQuality "1"]

1. e4 e5 2. Nf3 Nc6 3. Bb5 f5 4. Nc3 fxe4 5. Nxe4 Nf6 6. Nxf6+ Qxf6 7. Qe2 Be7
8. O-O O-O 9. Bxc6 dxc6 10. Nxe5 Bf5 11. d3 Bd6 12. Nc4 Rae8 13. Be3 Qg6 14.
Kh1 Be5 15. Nxe5 Rxe5 16. Qd2 Rfe8 17. Qc3 h5 18. Rae1 h4 19. Qc4+ Qf7 20. Qxh4
Qxa2 21. Qd4 c5 22. Qc3 Qd5 23. Ra1 Bh3 24. Rg1 R8e6 25. Rxa7 b5 26. Qe1 Rg5
27. f3 Bxg2+ 28. Rxg2 Qxf3 29. Qf2 Rxe3 30. Ra1 Qxg2+ 31. Qxg2 Rxg2 32. Kxg2
Re2+ 33. Kg3 Rxc2 34. Ra7 Rd2 35. Kf4 Rxd3 36. Rxc7 c4 37. b4 Rb3 38. Kf5 Kh7
39. Ke6 Rxb4 40. Kf7 Rb2 41. Rc5 Rf2+ 42. Ke6 Rb2 43. Kf7 Kh6 44. Rc6+ Kg5 45.
Rc5+ Kf4 46. h4 Ke4 47. h5 Kd4 0-1

[Event "Mainz CC sim1"]
[Site "Mainz"]
[Date "2001.06.23"]
[Round "?"]
[White "Anand, Viswanathan"]
[Black "Tischendorf, Michael"]
[Result "0-1"]
[WhiteElo "2794"]
[BlackElo "2213"]
[PlyCount "90"]
[EventDate "2001.06.23"]
[EventType "simul"]
[EventRounds "1"]
[EventCountry "GER"]
[SourceTitle "EXT 2002"]
[Source "ChessBase"]
[SourceDate "2001.11.25"]
[SourceVersion "1"]
[SourceVersionDate "2001.11.25"]
[SourceQuality "1"]

1. e4 e6 2. d4 d5 3. Nc3 Bb4 4. e5 c5 5. a3 Ba5 6. b4 cxd4 7. Qg4 Ne7 8. bxa5
dxc3 9. Qxg7 Rg8 10. Qxh7 Nbc6 11. Nf3 Qxa5 12. Ng5 Nxe5 13. f4 f6 14. fxe5
fxg5 15. Be2 Bd7 16. Rb1 b6 17. Rf1 Qc5 18. Qh5+ Kd8 19. Bxg5 Kc7 20. Bxe7 Qxe7
21. Rf7 Qe8 22. Qf3 Kd8 23. Rb3 Kc7 24. Rxc3+ Kb7 25. g3 Rc8 26. Rxc8 Kxc8 27.
Qf6 Kb8 28. Qe7 Qxe7 29. Rxe7 Kc8 30. Rh7 a5 31. g4 b5 32. h4 Rf8 33. h5 b4 34.
axb4 a4 35. Kd2 Rf2 36. g5 a3 37. Kc3 Rxe2 38. Rf7 Re3+ 39. Kd2 Rxe5 40. h6 a2
41. h7 a1=Q 42. h8=Q+ Kc7 43. Rxd7+ Kxd7 44. Qg7+ Kc6 45. b5+ Kb6 0-1

[Event "Dortmund SuperGM"]
[Site "Dortmund"]
[Date "2001.07.12"]
[Round "1"]
[White "Morozevich, Alexander"]
[Black "Anand, Viswanathan"]
[Result "1/2-1/2"]
[WhiteElo "2749"]
[BlackElo "2794"]
[Annotator "Ribli,Z"]
[PlyCount "76"]
[EventDate "2001.07.12"]
[EventType "tourn"]
[EventRounds "10"]
[EventCountry "GER"]
[EventCategory "21"]
[SourceTitle "CBM 085"]
[Source "ChessBase"]
[SourceDate "2001.11.13"]
[SourceVersion "1"]
[SourceVersionDate "2001.11.13"]
[SourceQuality "1"]

1. e4 c5 2. Nc3 e6 3. Nf3 Nc6 4. d4 cxd4 5. Nxd4 Qc7 6. Be3 a6 7. Qd2 {Diese
Variante wird in der Großmeisterpraxis relativ selten gespielt. Die
Alternative 7.Bd3 scheint mir chancenreicher. Mit der Partiefortsetzung möchte
Weiß in der Folge mit f3.g4 eine starke Angriffsstellung aufbauen.} Nf6 8.
O-O-O Bb4 $5 {Nach diesem Zug hängt der Pe4, und Schwarz möchte die normale
weiße Entwicklung stören. Der Nachteil des Zuges ist, dass der Bb4 weitab vom
Königsflügel steht.} (8... b5 9. Bf4 $5) (8... Ng4 9. Bf4 (9. Bg5 Nxd4 10. Qxd4
Qc5 $1 $11) 9... e5 10. Nd5 Qd8 11. Qe2 $5) 9. f3 Ne5 10. Nb3 b5 (10... Bxc3
11. bxc3 d5 12. Bd4 O-O 13. Qg5 $1 $36) (10... d5 11. Bd4 $14 dxe4 $4 12. Bxe5
$18 Qxe5 13. Qd8#) 11. Bd4 Be7 {Das ist eine logische Fortsetzung - nach 11.
Bd4 steht der Läufer etwas überflüssig auf b4, und Schwarz muss sich gegen das
eventuelle Qg5 verteidigen.} (11... h6 12. Kb1 Nc4 13. Qf2 O-O 14. Qg3 Bd6 15.
Qe1 Be5 $6 16. Bxe5 Qxe5 $6 17. Qg3 $1 $14 {1/2-1/2 Anand,V-Portisch,L/Biel 
(izt) 1993/Inf 58/[Anand,V] (56)}) (11... Nc6 12. Bf2 (12. Bxf6 gxf6 13. a3 Bf8
14. f4 Rb8 15. Qe3 Na5 16. Nxa5 Qxa5 17. Na2 b4 {1/2-1/2 Rausis,I-Buhr,C/
Hamburg GER 2001/(35)}) 12... O-O 13. Bg3 e5 14. a3 Bxc3 $8 15. Qxc3 d6 16. Na5
$5 Bd7 17. Nxc6 Bxc6 18. Bh4 Rac8 $1 19. Bxf6 gxf6 20. g3 $1 {1/2-1/2
Morozevich,A-Kobalija,M/Russia (ch) 73/226 1998/Inf 73/[Kobalija,M] (49)}) (
11... Bb7 12. Kb1 Rc8 $2 13. Nxb5 axb5 14. Bxe5 Qxe5 15. Qxb4 $18 {1-0
Morozevich,A-Gustafsson,J/Internet Chess Club 1999 (22)}) (11... O-O 12. Qg5
Ng6 (12... d6 13. a3 Bxc3 14. Bxc3 $16) 13. Bxf6 gxf6 14. Qxf6 $14) 12. Kb1 (
12. Qf2 d6 13. g4 O-O 14. Rg1 Nfd7 15. f4 Nc4 16. g5 b4 17. Bxc4 Qxc4 18. f5
bxc3 19. f6 Bd8 20. fxg7 Re8 21. Rd3 e5 {0-1 Motylev,A-Alekseev,E/Tomsk RUS
2001/(28)}) 12... d6 $5 {[%mdl 4] Schwarz sichert die e5-Springerstellung und
entwickelt den Bc8 (noch) nicht. Nach 12...Bb7 hätte Schwarz weniger Spiel auf
der b-Linie.} (12... Bb7 13. Qg5 (13. Na5 d6 14. Nxb7 (14. Ne2 {1/2-1/2
Ivanchuk,V-Ljubojevic,L/Beograd 1995/Inf 65 (14)}) 14... Qxb7 15. f4 Nc6 16.
Bxf6 Bxf6 17. g4 O-O 18. g5 Bxc3 19. Qxc3 Rfd8 20. h4 e5 {0-1 Kovchan,
A-Tregubov,P/Smolensk RUS 2000/(55)}) (13. Qf2 $5) 13... Ng6 14. e5 Nd5 15.
Nxd5 Bxd5 16. Qe3 Rc8 17. Bd3 O-O 18. h4 f6 {1/2-1/2 Korneev,O-Oms Pallise,J/
Albacete ESP 2000/(48)}) 13. Qf2 {Droht eventuell Bb6. Weiß verteidigt den Pf3
und möchte g2-g4 durchsetzen.} Rb8 {Jetzt sehen wir, dass der Läufer auf c8
besser steht als auf b7 - denn Schwarz hat einen aktiven Turm auf b8. Der Bc8
gelangt in der Folge nach d7 oder spaeter nach e6.} 14. g4 h6 {Solche
Stellungen kennen wir auch aus der Najdorf Variante der Sizilianischen
Verteidigung.} 15. h4 Nc4 16. Bxc4 bxc4 (16... Qxc4 $6 {Dieser Zug wäre nicht
logisch nach 13...Rb8.} 17. g5 $36) 17. Nd2 e5 18. Ba7 (18. Be3 Qa5 19. Ka1 Be6
$13) 18... Rb7 19. g5 Nh5 (19... Rxa7 $6 20. gxf6 gxf6 21. Nd5 $16 {[%csl Gd5]}
) 20. Nd5 $14 {[%csl Gd5] Weiß hat einen ausgezeichneten Springer auf d5. Aber
Schwarz hat auch seine Chancen - der Pg5 hängt in vielen Varianten, und am
Damenflügel hat Schwarz etwas Gegenspiel.} Qc6 21. Nf1 (21. Ka1 $5 hxg5 (21...
Qb5 22. b3 cxb3 23. cxb3 {[%cal Gd2b1,Gb1c3]}) 22. hxg5 Bxg5 23. Nb1 $44 {
[%cal Gb1c3]}) (21. Be3 $5 Be6 $132 (21... c3 $6 22. Nb3 $16)) 21... Be6 $1 {
Natürlich muss Schwarz den starken Nd5 tauschen.} 22. Be3 Bxd5 23. exd5 (23.
Rxd5 Nf4 24. Bxf4 exf4 $13) 23... Qb5 24. c3 Nf4 {[%cal Gf4d3]} 25. Bxf4 exf4
$13 {[%cal Gb7b2] Schwarz hat einen Doppelbauern auf der f-Linie, aber sein
positioneller Druck auf der b-Linie ist spürbar.} 26. Rg1 O-O $1 27. Rg2 {
[%cal Gg2b2]} (27. gxh6 Bf6 $132 {[%cal Gf6b2]}) 27... Rfb8 28. Rd2 g6 29. Qd4
{[%cal Rd4f4]} (29. gxh6 Bf6 $132) 29... hxg5 30. Nh2 (30. hxg5 Bxg5 31. Rxg5
$2 Qxb2+ 32. Rxb2 Rxb2+ $19) 30... gxh4 $15 31. Ng4 {[%cal Gg4h6,Gh6g8][%mdl
1024] Weiß hat schon zwei Bauern weniger - aber dafür hat Aktivität am
Königsflügel.} (31. Qxf4 Re8 {[%cal Ge8e1,Ge1b1]} 32. Ng4 $2 Bg5 $19) 31... Bg5
32. Nf6+ Bxf6 33. Qxf6 Qb6 $6 (33... Qc5 $17) 34. Rde2 Qd8 (34... h3 35. Rxg6+
fxg6 36. Qxg6+ Kh8 (36... Rg7 37. Re8+ Rxe8 38. Qxe8+ Kh7 39. Qh5+ $11) 37.
Qh6+ Rh7 38. Qf6+ Rg7 39. Qh6+ Kg8 40. Qe6+ $11) 35. Qxf4 {Schwarz hat zwar
enen Bauern mehr, aber er muss auch seinen letzten Mehrbauern zurück geben,
weil Weiß gefährliche Angriffschancen am Königsflügel hat.} Re7 36. Qxh4 Rxe2
37. Qxd8+ Rxd8 38. Rxe2 $11 Rc8 {Und in dieser ungefähr ausgeglichenen
Stellung wurde die Partie Remis gegeben.} 1/2-1/2